[Event "AUT-ch U10"]
[Site "St Veit"]
[Date "2023.05.29"]
[Round "7"]
[White "Zilian, Tristan Juri"]
[Black "Burger, Edgar"]
[Result "1-0"]
[WhiteElo "901"]
[BlackElo "1118"]
[PlyCount "53"]
[EventDate "2023.05.27"]
[EventType "swiss"]
[EventRounds "7"]
[EventCountry "AUT"]
[SourceTitle "CBM 214 Extra"]
[Source "ChessBase"]
[SourceDate "2023.07.31"]
[SourceVersion "1"]
[SourceVersionDate "2023.07.31"]
[SourceQuality "1"]

1. e4 e5 2. Nf3 Nc6 3. Bc4 Bc5 4. c3 Nf6 5. d4 exd4 6. cxd4 Bb4+ 7. Bd2 Nxe4 8. Bxb4 Nxb4 9. Bxf7+ Kxf7 10. Qb3+ Ke8 11. Qxb4 Rf8 12. 0-0 Kf7 13. Re1 Nf6 14. Ne5+ Kg8 15. Nf3 d5 16. h3 Ne4 17. Nc3 Qe8 18. Nxd5 Rf7 19. Ne5 a5 20. Qb3 a4 21. Qc2 Ng5 22. Nxf7 Qxf7 23. Qxc7 Nxh3+ 24. gxh3 Qg6+ 25. Kh2 h6 26. Ne7+ Kh7 27. Nxg6 1-0

[Event "AUT-ch U10"]
[Site "St Veit"]
[Date "2023.05.28"]
[Round "5"]
[White "Zilian, Tristan Juri"]
[Black "Aboulenein Djamshidian, Aryan"]
[Result "0-1"]
[WhiteElo "901"]
[BlackElo "1208"]
[PlyCount "122"]
[EventDate "2023.05.27"]
[EventType "swiss"]
[EventRounds "7"]
[EventCountry "AUT"]
[SourceTitle "CBM 214 Extra"]
[Source "ChessBase"]
[SourceDate "2023.07.31"]
[SourceVersion "1"]
[SourceVersionDate "2023.07.31"]
[SourceQuality "1"]

1. d4 e6 2. e4 d5 3. e5 c5 4. c3 Nc6 5. Nf3 Nge7 6. Be2 Nf5 7. Be3 Bd7 8. 0-0 Be7 9. Nbd2 0-0 10. Nb3 c4 11. Nbd2 b5 12. Qc2 b4 13. Rab1 a5 14. Rfc1 Nxe3 15. fxe3 Bg5 16. e4 a4 17. b3 axb3 18. axb3 bxc3 19. Qxc3 cxb3 20. exd5 exd5 21. Qxb3 Bxd2 22. Nxd2 Nxd4 23. Qd3 Nxe2+ 24. Qxe2 Rb8 25. Qd3 Rxb1 26. Rxb1 Be6 27. Nf1 Qg5 28. Qd4 f6 29. exf6 Qxf6 30. Qxf6 Rxf6 31. Rb8+ Kf7 32. Rb7+ Kg6 33. Rb4 Bf5 34. Rd4 Rd6 35. Ne3 Be4 36. Kf2 Kf6 37. Ng4+ Kf5 38. Kg3 Rg6 39. h3 h5 40. Rd2 hxg4 41. Rf2+ Ke5 42. hxg4 d4 43. Rf7 Bd5 44. Re7+ Be6 45. Kf2 Rxg4 46. Ke2 Rxg2+ 47. Kd3 Kd5 48. Rxe6 Rg3+ 49. Ke2 Kxe6 50. Kf2 d3 51. Ke1 Rg2 52. Kd1 d2 53. Kc2 Ke5 54. Kd1 Ke4 55. Kc2 Ke3 56. Kd1 Rg1+ 57. Kc2 d1Q+ 58. Kb2 Rg2+ 59. Ka3 Qd4 60. Kb3 Rb2+ 61. Ka3 Qb4# 0-1